Contemporary Oral and Maxillofacial Surgery / (Record no. 33901)

MARC details
000 -LEADER
fixed length control field 00620nam a22002057a 4500
005 - DATE AND TIME OF LATEST TRANSACTION
control field 20240304135921.0
008 - FIXED-LENGTH DATA ELEMENTS--GENERAL INFORMATION
fixed length control field 231016b |||||||| |||| 00| 0 eng d
020 ## - INTERNATIONAL STANDARD BOOK NUMBER
ISBN 9780323552219
082 ## - DEWEY DECIMAL CLASSIFICATION NUMBER
Classification number 617.5220
Item number HUP-C
100 ## - MAIN ENTRY--AUTHOR
Author Name Hupp, James R
245 ## - TITLE STATEMENT
Title Contemporary Oral and Maxillofacial Surgery /
Statement of responsibility, etc. James R. Hupp , Edward Ellis lll , Maryon R.Tucker
250 ## - EDITION STATEMENT
Edition statement 7th ed.
260 ## - PUBLICATION, DISTRIBUTION, ETC.
Place of Publication Singapore :
Name of publisher, distributor, etc. Elsevier ;
Date of publication, distribution, etc. 2020 .
300 ## - PHYSICAL DESCRIPTION
Pages xii, 708 p. :
500 ## - GENERAL NOTE
General note Printed in Pakistan.
650 ## - SUBJECT ADDED ENTRY--TOPICAL TERM
Subject / Department Dentistry / Medical
700 ## - ADDED ENTRY--PERSONAL NAME
Personal name Ellis, Edward III
700 ## - ADDED ENTRY--PERSONAL NAME
Personal name Tucker Maryon R
300 ## - PHYSICAL DESCRIPTION
-- ill ;
-- 27 cm .
952 ## - LOCATION AND ITEM INFORMATION (KOHA)
-- 0
-- 0
952 ## - LOCATION AND ITEM INFORMATION (KOHA)
-- 0
-- 0
952 ## - LOCATION AND ITEM INFORMATION (KOHA)
-- 0
-- 0
952 ## - LOCATION AND ITEM INFORMATION (KOHA)
-- 0
-- 0
952 ## - LOCATION AND ITEM INFORMATION (KOHA)
-- 0
-- 0
952 ## - LOCATION AND ITEM INFORMATION (KOHA)
-- 0
-- 0
952 ## - LOCATION AND ITEM INFORMATION (KOHA)
-- 0
-- 0
-- 6850.00
952 ## - LOCATION AND ITEM INFORMATION (KOHA)
-- 0
-- 0
-- 6850.00
952 ## - LOCATION AND ITEM INFORMATION (KOHA)
-- 0
-- 0
-- 6850.00
952 ## - LOCATION AND ITEM INFORMATION (KOHA)
-- 0
-- 0
-- 6850.00
952 ## - LOCATION AND ITEM INFORMATION (KOHA)
-- 0
-- 0
-- 6850.00
Holdings
Lost status Damaged status Collection code Permanent Location Current Location Shelving Location Date acquired Full Call Number Accession No./Barcode Date last seen Copy number item type Koha item type Source of acquisition
    Medical Superior Information Resource Center (SIRC) Superior University- Central Library Superior Information Resource Center (SIRC) Superior University- Central Library Dentistry 10/16/2023 617.5220 HUP-C 2020 20813 10/16/2023 1      
    Medical Superior Information Resource Center (SIRC) Superior University- Central Library Superior Information Resource Center (SIRC) Superior University- Central Library Dentistry 10/16/2023 617.5220 HUP-C 2020 20814 09/02/2025 2 BOOK    
    Medical Superior Information Resource Center (SIRC) Superior University- Central Library Superior Information Resource Center (SIRC) Superior University- Central Library Dentistry 10/16/2023 617.5220 HUP-C 2020 20815 09/08/2025 3 BOOK    
    Medical Superior Information Resource Center (SIRC) Superior University- Central Library Superior Information Resource Center (SIRC) Superior University- Central Library Dentistry 11/05/2024 617.5220 HUP-C 2020 29723 11/05/2024 4 BOOK BOOK  
    Medical Superior Information Resource Center (SIRC) Superior University- Central Library Superior Information Resource Center (SIRC) Superior University- Central Library Dentistry 11/05/2024 617.5220 HUP-C 2020 29724 11/05/2024 5 BOOK BOOK  
    Medical Superior Information Resource Center (SIRC) Superior University- Central Library Superior Information Resource Center (SIRC) Superior University- Central Library Dentistry 11/05/2024 617.5220 HUP-C 2020 29725 11/05/2024 6 BOOK BOOK  
      Superior Information Resource Center (SIRC) Superior University- Central Library Superior Information Resource Center (SIRC) Superior University- Central Library BDS-Dentistry 08/01/2025 617.5220 HUP-C 2019 20188 08/01/2025 7 BOOK BOOK Imperial book company
      Superior Information Resource Center (SIRC) Superior University- Central Library Superior Information Resource Center (SIRC) Superior University- Central Library BDS-Dentistry 08/01/2025 617.5220 HUP-C 2019 20189 08/01/2025 8 BOOK BOOK Imperial book company
      Superior Information Resource Center (SIRC) Superior University- Central Library Superior Information Resource Center (SIRC) Superior University- Central Library BDS-Dentistry 08/01/2025 617.5220 HUP-C 2019 20190 08/01/2025 9 BOOK BOOK Imperial book company
      Superior Information Resource Center (SIRC) Superior University- Central Library Superior Information Resource Center (SIRC) Superior University- Central Library BDS-Dentistry 08/01/2025 617.5220 HUP-C 2019 20191 08/01/2025 10 BOOK BOOK Imperial book company
      Superior Information Resource Center (SIRC) Superior University- Central Library Superior Information Resource Center (SIRC) Superior University- Central Library BDS-Dentistry 08/01/2025 617.5220 HUP-C 2019 20192 08/01/2025 11 BOOK BOOK Imperial book company

Powered by Koha